书目信息 |
| 题名: |
美的探求
|
|
| 作者: | 杨立元 著 | |
| 分册: | ||
| 出版信息: | 石家庄 花山文艺出版社 1991.06 |
|
| 页数: | 145页 | |
| 开本: | 21cm | |
| 丛书名: | 河北文艺理论丛书 | |
| 单 册: | ||
| 中图分类: | I01 | |
| 科图分类: | ||
| 主题词: | 文艺学:美学 | |
| 电子资源: | ||
| ISBN: | 7-80505-523-8 | |
| 000 | 00623nam0 2200217 45 | |
| 001 | 0404251362 | |
| 005 | 20070925095818.01 | |
| 010 | @a7-80505-523-8@dCNY2.50 | |
| 100 | @a20040425d1991 km y0chiy0120 ea | |
| 101 | 0 | @achi |
| 200 | 1 | @a美的探求@AMei De Tan Qiu@f杨立元著@FYang Li Yuan Zhu |
| 210 | @a石家庄@c花山文艺出版社@d1991.06 | |
| 215 | @a145页@d21cm | |
| 225 | @a河北文艺理论丛书@f龚富忠主编 | |
| 410 | @12001 @a河北文艺理论丛书 | |
| 410 | @1700 0@a龚富忠@AGong Fu Zhong@4主编 | |
| 606 | 0 | @a文艺学:美学 |
| 690 | @aI01@v3 | |
| 701 | 0 | @a杨立元@4著 |
| 801 | @aCN@bTSTCL@c20070925 | |
| 905 | @dI01@e162@f1@b224419 | |
| 美的探求/杨立元著.-石家庄:花山文艺出版社,1991.06 |
| 145页;21cm.-(河北文艺理论丛书/龚富忠主编) |
| ISBN 7-80505-523-8:CNY2.50 |
| ● |
| 相关链接 |
|
|
|
|
正题名:美的探求
索取号:I01/162
 
预约/预借
| 序号 | 登录号 | 条形码 | 馆藏地/架位号 | 状态 | 备注 |
| 1 | 0224411 | 002020761 | 第二借阅区/ [索取号:I01/162] | 在馆 | |
| 2 | 0224412 | 000902697 | 第二借阅区/ [索取号:I01/162] | 在馆 | |
| 3 | 0224413 | 000902615 | 第二借阅区/ [索取号:I01/162] | 在馆 | |
| 4 | 0224414 | 000902688 | 第二借阅区/ [索取号:I01/162] | 在馆 | |
| 5 | 0224415 | 000902679 | 第二借阅区/ [索取号:I01/162] | 在馆 | |
| 6 | 0224416 | 000902660 | 第二借阅区/ [索取号:I01/162] | 在馆 | |
| 7 | 0224417 | 000902633 | 师院文库/ [索取号:I01/162] | 在馆 | |
| 8 | 0224418 | 000902642 | 第二借阅区/ [索取号:I01/162] | 在馆 | |
| 9 | 0224419 | 002020725 | 第二借阅区/ [索取号:I01/162] | 在馆 | |
| 10 | 0224420 | 000902651 | 第一样本阅览室/ [索取号:I01/162] | 在馆 | |
| 11 | 0450541 | 204505419 | 密集书库/ [索取号:I01/162] | 在馆 | |
| 12 | 0609725 | 206097258 | 密集书库/ [索取号:I01/162] | 在馆 |